<?xml version="1.0" encoding="UTF-8"?>
<collection xmlns="http://www.loc.gov/MARC21/slim">
 <record>
  <leader>00958nam a2200265   4500</leader>
  <controlfield tag="001">28857</controlfield>
  <controlfield tag="003">BD-DhAAL</controlfield>
  <controlfield tag="005">20150128115819.0</controlfield>
  <controlfield tag="008">150128r20111989ii a     b    001 0 eng  </controlfield>
  <datafield tag="010" ind1=" " ind2=" ">
   <subfield code="a">   73904390 </subfield>
  </datafield>
  <datafield tag="020" ind1=" " ind2=" ">
   <subfield code="a">9788120804234</subfield>
  </datafield>
  <datafield tag="040" ind1=" " ind2=" ">
   <subfield code="a">DLC</subfield>
   <subfield code="c">DLC</subfield>
   <subfield code="d">DLC</subfield>
   <subfield code="d">BD-DhAAL</subfield>
  </datafield>
  <datafield tag="043" ind1=" " ind2=" ">
   <subfield code="a">a-ii---</subfield>
  </datafield>
  <datafield tag="050" ind1="0" ind2="0">
   <subfield code="a">LA36</subfield>
   <subfield code="b">.M6 1969</subfield>
  </datafield>
  <datafield tag="082" ind1="0" ind2="0">
   <subfield code="a">370/.934</subfield>
  </datafield>
  <datafield tag="100" ind1="1" ind2=" ">
   <subfield code="a">Mookerji, Radha Kumud,</subfield>
   <subfield code="d">1884-</subfield>
   <subfield code="9">7548</subfield>
  </datafield>
  <datafield tag="245" ind1="1" ind2="0">
   <subfield code="a">Ancient Indian education :</subfield>
   <subfield code="b">brahmanical and buddhist /</subfield>
   <subfield code="c">Radha Kumud Mookerji.</subfield>
  </datafield>
  <datafield tag="260" ind1=" " ind2=" ">
   <subfield code="a">Delhi :</subfield>
   <subfield code="b">Motilal Banarsidass,</subfield>
   <subfield code="c">c1989 [reprinted 2011, 2003]</subfield>
  </datafield>
  <datafield tag="300" ind1=" " ind2=" ">
   <subfield code="a">xxxvi, 655 p.</subfield>
   <subfield code="b">illus.</subfield>
   <subfield code="c">24 cm.</subfield>
  </datafield>
  <datafield tag="504" ind1=" " ind2=" ">
   <subfield code="a">Bibliographical footnotes.</subfield>
  </datafield>
  <datafield tag="541" ind1=" " ind2=" ">
   <subfield code="e">28857</subfield>
  </datafield>
  <datafield tag="650" ind1=" " ind2="0">
   <subfield code="a">Education</subfield>
   <subfield code="z">India</subfield>
   <subfield code="x">History.</subfield>
   <subfield code="9">7549</subfield>
  </datafield>
  <datafield tag="942" ind1=" " ind2=" ">
   <subfield code="2">ddc</subfield>
   <subfield code="c">BK</subfield>
  </datafield>
  <datafield tag="999" ind1=" " ind2=" ">
   <subfield code="c">33521</subfield>
   <subfield code="d">33521</subfield>
  </datafield>
  <datafield tag="952" ind1=" " ind2=" ">
   <subfield code="0">0</subfield>
   <subfield code="1">0</subfield>
   <subfield code="2">ddc</subfield>
   <subfield code="4">0</subfield>
   <subfield code="6">370_934000000000000_MOO</subfield>
   <subfield code="7">0</subfield>
   <subfield code="9">52364</subfield>
   <subfield code="a">BRACUL</subfield>
   <subfield code="b">BRACUL</subfield>
   <subfield code="c">GEN</subfield>
   <subfield code="d">2015-01-28</subfield>
   <subfield code="e">Riza Enterprise</subfield>
   <subfield code="g">2000.00</subfield>
   <subfield code="l">2</subfield>
   <subfield code="m">4</subfield>
   <subfield code="o">370.934 MOO</subfield>
   <subfield code="p">3010028857</subfield>
   <subfield code="r">2016-11-23</subfield>
   <subfield code="s">2016-09-06</subfield>
   <subfield code="t">1</subfield>
   <subfield code="w">2015-01-28</subfield>
   <subfield code="y">BK</subfield>
  </datafield>
 </record>
</collection>
